000 00680nam a2200289Ia 4500
005 20260324120551.0
008 008 260324s9999 xx 000 0 eng d
020 _a9781315769882
037 _aEBOOK
040 _aCRL
040 _beng
040 _cCRL
041 _2eng
041 _aeng
084 _qCRL
100 _aSarah Baker
_91159086
245 0 _aPreserving Popular Music Heritage
245 0 _bDo-it-Yourself, Do-it-Together
260 _bTaylor and Francis
260 _c2015
365 _a
365 _b255
856 _uhttp://www.taylorfrancis.com/books/9781315769882
942 _cEBOOK
999 _c1750692
_d1750692